|
|
|
|
| LEADER |
00000naa2a2200000 4500 |
| 001 |
242942 |
| 005 |
20231031210310.0 |
| 035 |
|
|
|a (RuTPU)RU\TPU\book\264264
|
| 090 |
|
|
|a 242942
|
| 100 |
|
|
|a 20130912d1991 k y0rusy50 ca
|
| 101 |
0 |
|
|a rus
|
| 102 |
|
|
|a RU
|
| 200 |
1 |
|
|a Нетрадиционные технические методы диагностики патологии внутренних органов
|f М. А. Шустов
|
| 320 |
|
|
|a Библиогр.: с. 58 (3 назв.)
|
| 463 |
|
0 |
|0 (RuTPU)RU\TPU\book\32039
|t Пятый Региональный научно-технический семинар по ноосферным взаимодействиям (Ноосферные взаимодействия и народная медицина)
|o тезисы докладов, Томск, 26-27 ноября 1991 г.
|f ТПУ
|v С. 95-98
|d 1991
|p 113 с.
|
| 610 |
1 |
|
|a труды учёных ТПУ
|
| 700 |
|
1 |
|a Шустов
|b М. А.
|c специалист в области электротехники
|c профессор Томского политехнического университета, доктор технических наук
|f 1952-
|g Михаил Анатольевич
|2 stltpush
|3 (RuTPU)RU\TPU\pers\30571
|
| 801 |
|
1 |
|a RU
|b 63413507
|c 20130912
|
| 942 |
|
|
|c BK
|